| 000 | 00829nam a2200241 i 4500 | ||
|---|---|---|---|
| 003 | DO-SdBNP | ||
| 005 | 20250127102202.0 | ||
| 007 | ta | ||
| 008 | 230814t1990 dr c || |||| 00| 0 spa d | ||
| 040 |
_aDO-SdBNP _bspa _cBNPHU _erda |
||
| 082 | 4 |
_axxx _bxxx _222 |
|
| 100 | 1 |
_aSalmador, Víctor _eautor _4aut. _943660 |
|
| 245 | 1 | 0 |
_aJosé Francisco Peña Gómez : _bsus origines, su biografía, su personalidad, su pensamiento / _cVíctor Salmador |
| 264 | 4 |
_aMadrid : _bEditor no identificado, _c1990. |
|
| 300 |
_a237 páginas : _b retratos ; _c28 cm. |
||
| 336 |
_atexto _btxt _2rdacontent |
||
| 337 |
_asin mediacion _bn _2rdamedia |
||
| 338 |
_avolumen _bnc _2rdacarrier |
||
| 500 | _aIncluye datos biográficos del autor en la solapa de la cubierta | ||
| 590 | _aInventariado, 2024/BT | ||
| 910 | _aBtavárez | ||
| 942 |
_2ddc _cLBS1 |
||
| 999 |
_c57877 _d57877 |
||